| 000 | 00422cam a2200157 4500 | ||
|---|---|---|---|
| 001 | 6656 | ||
| 005 | 20250624110943.0 | ||
| 008 | 250523b |||||||| |||| 00| 0 eng d | ||
| 020 | _a9780822320654 | ||
| 082 | _a303.482 MUD | ||
| 100 | 1 | _aMudimbe, V. Y. (Ed.) | |
| 245 | 1 | 0 | _aNations, identities, cultures. |
| 264 | 1 |
_aLondon; _bDuke University Press, _c1997. |
|
| 300 |
_aiv, 223 p. ; _c26 cm. _bill. ; |
||
| 942 |
_2ddc _cMAIN |
||
| 999 |
_c10439 _d10440 |
||